Tổ chức hướng dẫn trẻ mẫu giáo chơi

Salvato in:
Dettagli Bibliografici
Autore principale: Nguyễn Ánh Tuyết (chủ biên)
Altri autori: Nguyễn Thị Hòa Đinh Văn Vang
Natura: Libro
Lingua:Vietnamese
Pubblicazione: H. Đại học quốc gia Hà Nội 1996
Tags: Aggiungi Tag
Nessun Tag, puoi essere il primo ad aggiungerne! !
Thư viện lưu trữ: Mạng thư viện Đại học Đà Nẵng
LEADER 01128nam a22003258a 4500
001 000015628
003 12011
005 20120530160532.0
008 120530s1996 b 000 0 vieod
020 |c 12000  |d 1000b 
041 0 |a vie 
080 |a 4(V)(03) 
082 |a 372.21  |b NG-T 
084 |a V172.1z21  |b T000ừ 
100 0 |a Nguyễn Ánh Tuyết 
245 1 0 |a Tổ chức hướng dẫn trẻ mẫu giáo chơi  |c Nguyễn Ánh Tuyết; Đinh Văn Vang; Nguyễn Thị Hòa 
260 |a H.  |b Đại học quốc gia Hà Nội  |c 1996 
300 |a 175 tr.  |c 20 cm. 
700 |a Nguyễn Ánh Tuyết  |e chủ biên 
700 |a Nguyễn Thị Hòa  |a Đinh Văn Vang 
OWN |a LSP 
AVA |a UDN50  |b LSP  |d 372.21 NG-T  |e available  |t Error 5001 Not defined in file expand_doc_bib_avail.  |f 1  |g 0  |h N  |i 0  |k 1 
999 |a From the UDN01 
AVA |a UDN50  |b LSP  |d 372.21 NG-T  |e available  |t Error 5001 Not defined in file expand_doc_bib_avail.  |f 1  |g 0  |h N  |i 0  |k 1 
TYP |a Monograph 
TYP |a Printed language 
980 |a Mạng thư viện Đại học Đà Nẵng